000 00586nam a2200181 i 4500
001 32765
003 ES-MaACL
005 20250816035719.0
007 t|
008 030131s1973 sp ||||1| spa d
100 1 _aBense, Max.
_927775
245 1 0 _aIntroducción a la estética teórica-informacional... /
_cMax Bense ; [traducción, introducción y notas: Simón Marchan Fiz].
260 _aMadrid :
_bAlberto Corazón,
_c[1973]
300 _a228 p. ;
_c21 cm.
700 1 _aMarchán Fiz, Simón,
_d1941-
_976408
852 _aES-MaACL
_jC-52500
_bR.85396
999 _c32765
_d32765